| 000 | 003740000a22001210004500 | ||
|---|---|---|---|
| 090 |
_aAS _bSeriadas |
||
| 245 | 1 | 0 | _aVariación morfométrica en el murciélago Sturnira magna (<Chiroptera: Phyllostomidae>) |
| 041 | 0 | _aEspañol | |
| 700 | 1 |
_aValdivieso, Darío _994561 |
|
| 100 | 1 |
_aTamsitt, J. R. _994562 |
|
| 942 | _cARTICULO | ||
| 773 | 1 |
_tCaldasia _345 _h71-75 _q742-760 _d1986 _g15 |
|
| 999 |
_c14931 _d14931 |
||